| 000 | 03777nam0a2200553 4500 | ||
|---|---|---|---|
| 001 | RU\NLR\BIBL_A\012013949 | ||
| 005 | 20260408111629.0 | ||
| 020 |
_aRU _9Ленинград в Великой Отечественной войне. Коллекция. Афиши |
||
| 035 | _a(NLR Aleph) 012013949 | ||
| 090 |
_a11464089 _c11464089 |
||
| 100 | _a20190517d1943 u y0rusy50 ca | ||
| 101 | 0 | _arus | |
| 102 | _aRU | ||
| 105 | _ay z 000zy | ||
| 135 | _acrcn 024anaba | ||
| 200 | 1 |
_aСмотрите новый художественный фильм "В старом Чикаго" _eсценарий Ламар Тротти и С. Левина. Постановка Генри Кинг. Оператор Даниэль Кларк. Музыка Луис Сильвер _eпроизводство XX век Фокс - США. Фильм дублирован на русский язык Центральной Объединенной киностудией художественных фильмов г. Алма-Ата, 1943 г. Выпуск Ленинградской конторы "Главкинопрокат" _e[афиша] |
|
| 210 |
_a[Ленинград] _cБИ 733а ЛТ УН-10 _d1943 |
||
| 215 |
_a1 л. _d36х25 |
||
| 300 | _aЗак. 4059 | ||
| 325 | _aКопия доступна в Электрон. б-ке РНБ | ||
| 327 | _aВ главных ролях: Дайен О'лири Тайрон Пауэр; Белл Фосетт Алмса Фей; Джек О'лири Дон Амече; Молли О'лири Алиса Бреди; Гил Воррен Брайон Донлеви | ||
| 517 | 1 | _aВ старом Чикаго | |
| 606 | 1 |
_aТеатральная жизнь _jАфиши _yЛенинград, город _z1941 - 1944 _92398624 _3RU\NLR\AUTH\6601649837 |
|
| 686 | _aЩ333(2Р=Рус)7- 692Ленинград | ||
| 702 | 1 |
_4690 _7ca _8rus _aТротти _bЛ. _cписатель, сценарист _f1900-1952 _gЛамар _9206769 _3RU\NLR\AUTH\770206821 |
|
| 702 | 1 |
_4690 _7ca _8rus _aЛевин _bС. _cсценарист _f1888-1960 _gСоня _9206772 _3RU\NLR\AUTH\770206824 |
|
| 702 | 1 |
_4570 _7ca _8rus _aКинг _bГ. _cкинорежиссёр _f1886-1982 _gГенри _9206845 _3RU\NLR\AUTH\770206897 |
|
| 702 | 1 |
_4570 _7ca _8rus _aКларк _bД. _cкинооператор _f1890-1961 _gДаниэль _9207008 _3RU\NLR\AUTH\770207060 |
|
| 702 | 1 |
_4233 _7ca _8rus _aСильверс _bЛ. _cкомпозитор _f1889-1951 _gЛуис _9207010 _3RU\NLR\AUTH\770207062 |
|
| 711 | 0 | 2 |
_a"Двадцатый век Фокс", киностудия _cСША _9661834 _3RU\NLR\AUTH\880501003 |
| 711 | 0 | 2 |
_aАлма-Атинская киностудия художественных фильмов _9661672 _3RU\NLR\AUTH\880500924 |
| 711 | 0 | 2 |
_aЛенинградская городская контора кинопроката _9383766 _3RU\NLR\AUTH\880358120 |
| 852 |
_aNLR _jЛ3-330а/к/ф/1/1943-4а |
||
| 856 | 0 | _uhttp://vivaldi.nlr.ru/ll000010866/view | |
| 856 | 1 | _uhttp://vivaldi.nlr.ru/ll000010866/cover | |
| 856 | 2 | _uhttp://vivaldi.nlr.ru/ll000010866/text | |
| 942 | _cVISUAL | ||
| 945 | _aРоссийская национальная библиотека | ||
| 980 | _aNB | ||
| 980 | _aBV | ||
| 980 | 3 | _akplen | |
| 980 | 3 | _akp | |
| 981 | 3 | 7 |
_a(37) Ленинград в Великой Отечественной войне _b(37) Афиши блокадного Ленинграда |